000 04391ncm2a2200385 4500
001 RU\NLR\ONIZ\309206
005 20260215052650.0
035 _a(NLR Aleph) 022725917
090 _a13554226
_c13554226
100 _a20260204d1781 u y0rusy50 ca
101 0 _arus
_frus
125 _a||
_b||
200 1 _aСобрание наилучших российских песен
_bНоты
_eсодержащая в себе 6 песен
203 _aМузыка
_bзнаковая
_bвизуальная
_cнепосредственная
210 _d1781
215 _a12 с.
313 _aСистематизация документа проведена по изданию - Методика классифицирования музыкальных произведений (нотных изданий) по таблицам Библиотечно-библиографических классификаций : метод. рекомендации / Гос. б-ка СССР им. В.И. Ленина.- М., 1977. Индексу ББК методических рекомендаций присваивается код ББК для научных библиотек - LBC/SL
316 _6b01852
_aЭкз. М 980-2/С.550 (№ 156547). Припл. к: Собрание наилучших российских песен. В Санктпетербурге, 1781
_5NLR
327 1 _a[1]. "Под тению древесной..." / [текст М. В. Попова].
_a[2]. "Куда свой взор ни обращаю..." ;
_a[3]. "Пастушки в вечер на лугу...".
_a[4]. "Как сердце ни скрывает..." / [текст М. В. Попова ].
_a[5]. "Хоть давно уж я страдаю...".
_a[6]. "Можно ль мне в злобной толь части не рваться?..." / [текст М. В. Попова]
461 0 _1001RU\NLR\ONIZ\309194
_12001#$aСобрание наилучших российских песен$bНоты$e[для фп. с надпис. текстом]$vЧасть 4
_913554222
_cВ Санктпетербурге
_d1781
_nизданныя иждевением книгопродавца Ф. Мейера
_o[для фп. с надпис. текстом]
_tСобрание наилучших российских песен: Ноты
_vЧасть 4
464 0 _12001#$a"Под тению древесной..."$bНоты$f[текст М. В. Попова]
_1215##$aС.1-2.
_1702#1$9z01790$aПопов$bМ. В.$gМихаил В.$cавтор текстов$f17-- -ок.1790$4520$7ca
_1790#1$9z01702$aPopov$bM. V.$gMichail V.$f17-- -ок.1790$4520$7ba
_t"Под тению древесной..."
464 0 _12001#$a"Куда свой взор ни обращаю..."$bНоты
_1215##$aС.3-4.
_t"Куда свой взор ни обращаю..."
464 0 _12001#$a"Пастушки в вечер на лугу..."$bНоты
_1215##$aС.5-6.
_t"Пастушки в вечер на лугу..."
464 0 _12001#$a"Как сердце ни скрывает..."$bНоты$f[текст М. В. Попова ]
_1215##$aС.7-8.
_1702#1$9z01790$aПопов$bМ. В.$gМихаил В.$cавтор текстов$f17-- -ок.1790$4520$7ca
_1790#1$9z01702$aPopov$bM. V.$gMichail V.$f17-- -ок.1790$4520$7ba
_t"Как сердце ни скрывает..."
464 0 _12001#$a"Хоть давно уж я страдаю..."$bНоты
_1215##$aС.9-10.
_t"Хоть давно уж я страдаю..."
464 0 _12001#$a"Можно ль мне в злобной толь части не рваться?..."$bНоты$f[текст М. В. Попова]
_1215##$aС.11-12.
_1702#1$9z01790$aПопов$bМ. В.$gМихаил В.$cавтор текстов$f17-- -ок.1790$4520$7ca
_1790#1$9z01702$aPopov$bM. V.$gMichail V.$f17-- -ок.1790$4520$7ba
_t"Можно ль мне в злобной толь части не рваться?..."
482 0 _6b01852
_1001RU\NLR\ONIZ\309197
_1852##$aNLR$bМ$j980-2/С.550$p156544$t1
_913554223
_d1781
_oсодержащая в себе 6 песен
_p11 с.
_tСобрание наилучших российских песен: Ноты
801 0 _aRU
_bNLR
_c20260204
_gPSBO
801 1 _aRU
_bNLR
_c20260204
_2rusmarc
801 2 _aRU
_bNLR
_c20260211
852 _6b01482
_6b01316
_aNLR
_gМ
_j980-2/С.550
_m156547
_t1
942 _cSCORE
980 _aONIZ
980 _aNB